| Tag |
First Indicator |
Second Indicator |
Subfields |
| LEADER |
00000cam a2200000Ia 4500 |
| 001 |
in00002458905 |
| 005 |
20151111041402.0 |
| 008 |
090414s2009 fr a b 000 0bfre d |
| 020 |
|
|
|a 9782841356430 (pbk.)
|
| 020 |
|
|
|a 2841356434 (pbk.)
|
| 029 |
0 |
|
|a AUXAM
|b AAL0443380-0001
|
| 029 |
1 |
|
|a TZT
|b JTL00248756
|
| 035 |
|
|
|a (OCoLC)ocn318664965
|
| 035 |
|
|
|a (OCoLC)318664965
|
| 040 |
|
|
|a AUXAM
|c AUXAM
|d TZT
|d TXA
|d UtOrBLW
|
| 049 |
|
|
|a TXAM
|
| 082 |
1 |
4 |
|a 944
|2 1
|
| 090 |
|
|
|a PQ1925
|b .K54 2009
|
| 100 |
1 |
|
|a Klein, Charles Armand.
|
| 245 |
1 |
0 |
|a Madame de Sévigné, la provençale /
|c Charles-Armand Klein.
|
| 264 |
|
1 |
|a Saint-Rémy-de-Provence :
|b Équinoxe,
|c [2009]
|
| 264 |
|
4 |
|c ©2009
|
| 300 |
|
|
|a 160 pages, 7 unnumbered pages :
|b illustrations ;
|c 21 cm.
|
| 336 |
|
|
|a text
|b txt
|2 rdacontent
|
| 337 |
|
|
|a unmediated
|b n
|2 rdamedia
|
| 338 |
|
|
|a volume
|b nc
|2 rdacarrier
|
| 490 |
1 |
|
|a Mémoires du Sud,
|x 1159-5817
|
| 504 |
|
|
|a Includes bibliographical references (pages [171-172]).
|
| 600 |
1 |
0 |
|a Sévigné, Marie de Rabutin-Chantal,
|c marquise de,
|d 1626-1696.
|
| 650 |
|
0 |
|a Authors, French
|y 17th century
|v Biography.
|
| 651 |
|
0 |
|a Provence (France)
|v Biography.
|
| 830 |
|
0 |
|a Mémoires du Sud.
|
| 938 |
|
|
|a Aux Amateurs de Livres
|b AUXA
|n AAL0443380-0001
|c 22,00 EUR
|
| 938 |
|
|
|a Jean Touzot Libraire Editeur
|b TOUZ
|n JTL00248756
|c 22 EUR
|
| 994 |
|
|
|a C0
|b TXA
|
| 948 |
|
|
|a cataloged
|b h
|c 2009/7/27
|d enhanced
|e zliu
|f 4:23:34 pm
|
| 999 |
|
|
|a MARS
|
| 999 |
f |
f |
|s bbdf7161-ac77-389f-8ec8-07624fc76d8e
|i 7cb074db-7d0f-35c7-90c3-399dcba36e3c
|t 0
|
| 952 |
f |
f |
|p normal
|a Texas A&M University
|b College Station
|c Sterling C. Evans Library
|d Evans: Library Stacks
|t 0
|e PQ1925 .K54 2009
|h Library of Congress classification
|i unmediated -- volume
|m A14838784156
|
| 998 |
f |
f |
|a PQ1925 .K54 2009
|t 0
|l Evans: Library Stacks
|